000 01660cam a2200433 a 4500
999 _c2703
_d2703
001 222497
003 GBCCL
005 20241126110437.0
008 980903s1998 mnu c 000 1 eng d
010 _a 99185341
020 _a0764220667
035 _a(OCoLC)39796712
040 _aIChamL
_cIChamL
_dDLC
042 _alccopycat
_alcac
050 0 0 _aPZ7.N437746
_bMo 1998
082 0 0 _a813.54
_221
_bNEN
100 1 _aNentwig, Wendy Lee.
_95711
245 1 0 _aMoonstruck in Manhattan /
_cWendy Lee Nentwig.
260 _aMinneapolis, Minn. :
_bBethany House,
_cc1998.
300 _a155 p. ;
_c20 cm.
490 1 _aUnmistakably Cooper Ellis ;
_v2
520 _aSophomore high school student Cooper Ellis is torn between her friends, family, modeling job, and her first boyfriend.
521 1 _a"Ages 12 and up" -- P. [4] of cover.
650 0 _aModels (Persons)
_vJuvenile fiction.
_95712
650 0 _aBest friends
_vJuvenile fiction.
_95713
650 0 _aHigh schools
_vJuvenile fiction.
_95714
650 1 _aModels (Persons)
_vFiction.
_95715
650 1 _aBest friends
_vFiction.
_95716
650 1 _aFriendship
_vFiction.
_95717
650 1 _aHigh schools
_vFiction.
_95718
650 1 _aSchools
_vFiction.
_95719
650 1 _aChristian life
_vFiction.
_9533
651 1 _aNew York (N.Y.)
_vFiction.
_95720
655 7 _aChristian fiction.
_2gsafd
_9256
800 1 _aNentwig, Wendy Lee.
_tUnmistakably Cooper Ellis ;
_v2.
_95721
906 _a7
_bcbc
_ccopycat
_d2
_encip
_f19
_gy-gencatlg
942 _2ddc
_cBK
_02